000
00246nam a22001097a 4500
082
_a
923.1973 KIS'W
100
_a
KISSINGER, HENRY
_9
46579
245
_a
WHITE HOUSE YEARS
260
_a
BOSTON
_b
LITTLE BROWN
_c
1979
300
_a
1521P
942
_c
BK
999
_c
579654
_d
579654